Effect of drudkweed cassava leaves silage on a basal diet of rice bran for local scavenging growing chickens, ឥទ្ធពលនៃចកបាយទា ស្លឹកដំឡូងឈើផ្អាប់ និងកណ្ទក់ទៅលើការលូតលាស់របស់មាន់ក្នុងស្រុក​ដែលចិញ្ចឹមលែង (Record no. 1795)

000 -LEADER
fixed length control field 00736nam a22001577a 4500
003 - CONTROL NUMBER IDENTIFIER
control field OSt
005 - DATE AND TIME OF LATEST TRANSACTION
control field 20151003141709.0
008 - FIXED-LENGTH DATA ELEMENTS--GENERAL INFORMATION
fixed length control field 151003b xxu||||| |||| 00| 0 eng d
040 ## - CATALOGING SOURCE
Transcribing agency RUA
082 ## - DEWEY DECIMAL CLASSIFICATION NUMBER
Classification number AVM TEC 1999 B071 Or.1
100 ## - MAIN ENTRY--PERSONAL NAME
9 (RLIN) 1900
Personal name TECH, THEAVY.
245 ## - TITLE STATEMENT
Title Effect of drudkweed cassava leaves silage on a basal diet of rice bran for local scavenging growing chickens, ឥទ្ធពលនៃចកបាយទា ស្លឹកដំឡូងឈើផ្អាប់ និងកណ្ទក់ទៅលើការលូតលាស់របស់មាន់ក្នុងស្រុក​ដែលចិញ្ចឹមលែង
260 ## - PUBLICATION, DISTRIBUTION, ETC. (IMPRINT)
Place of publication, distribution, etc. Phnom Penh
Name of publisher, distributor, etc. RUA
Date of publication, distribution, etc. 1999
300 ## - PHYSICAL DESCRIPTION
Extent 36p.
Other physical details ill.
Dimensions 29cm.
942 ## - ADDED ENTRY ELEMENTS (KOHA)
Source of classification or shelving scheme
Koha item type AVM
Holdings
Price effective from Date last seen Permanent Location Not for loan Date acquired Source of classification or shelving scheme Koha item type Lost status Withdrawn status Date last checked out Total Checkouts Shelving location Damaged status Barcode Current Location Full call number
2015-10-032019-01-08Library Block B 2015-10-03 AVM  2018-12-183B071 RUA009212Library Block BAVM TEC 1999 B071 Or.1
2015-10-032020-01-06Library Block B 2015-10-03 AVM  2019-12-242B071 RUA009215Library Block BAVM TEC 1999 B071 Or.2
មជ្ឈមណ្ឌលឯការនៃសាកលវិទ្យាល័យភូមិន្ទកសិកម្មចំការដូង

Powered by Koha